Sociologie
Αποθηκεύτηκε σε:
| Κύριος συγγραφέας: | |
|---|---|
| Μορφή: | Βιβλίο |
| Γλώσσα: | French |
| Δημοσίευση: |
Paris :
Fayard,
c1984
|
| Θέματα: | |
| Ετικέτες: |
Προσθήκη ετικέτας
Δεν υπάρχουν, Καταχωρήστε ετικέτα πρώτοι!
|
MARC
| LEADER | 00000cam a2200000 i 4500 | ||
|---|---|---|---|
| 001 | 1/86825 | ||
| 008 | 970409s1984 fre d | ||
| 020 | |a 2-213-01462-0 | ||
| 035 | |l 10006583 | ||
| 040 | |a GR-MY-UA |b gre |e aacr | ||
| 041 | 0 | |a fre | |
| 082 | 0 | |a 301 | |
| 100 | 1 | |a Morin, Edgar. | |
| 245 | 1 | 0 | |a Sociologie / |c Edgar Morin |
| 260 | |a Paris : |b Fayard, |c c1984 | ||
| 300 | |a 465 p.; |b ill.; |c 24 cm | ||
| 504 | |a Bibliography: p. 461-[463] | ||
| 650 | 0 | 0 | |a Sociology. |
| 767 | 0 | 8 | |t Κοινωνιολογία / |
| 852 | |a INST |b LESVOS |e 19970409 |h 301 MOR |p 005100011585 |q 005100011585 |t BK |y 0 | ||
| 909 | |a Λ |b 009596 | ||